000 00836nam a2200229 a 4500
001 000004492
005 20240530073911.0
008 090723s2004 dr 001 fdspa d
020 _a9993404519
040 _aDO-SdBNP
_bspa
_cBNPHU
082 _aRD863.44
_bC352d
100 0 _aCastillo Drullard, Pedro Héctor
_911757
245 1 0 _aDiscordia por la riqueza y la plenitud (novela) /
_cPedro Héctor Castillo Drullard ; prólogo José Nicolás Almánzar García.
260 _aSanto Domingo :
_bCocolo,
_c2004.
300 _a196 p. ;
_c22 cm.
590 _aInventariado, 2020/YL
500 _aIncluye datos biográficos del autor en las solapas
650 0 _aNovela dominicana
_9223
650 0 _aLiteratura dominicana.
_967
700 1 2 _aAlmánzar García, José Nicolás,
_epról.
_93006
910 _aValidado. Control de calidad MFF
999 _c4301
_d4301